Pays vainqueurs de la Ligue des champions - Statistiques

Statistiques générales
  • Ce quiz a été pris 227 fois
  • Le résultat moyen est 9 sur 10
Statistiques - réponses
Victoires Équipes gagnantes Pays % Correct
15 6 Angleterre
100%
20 2 Espagne
100%
1 1 France
100%
8 3 Allemagne
98%
12 3 Italie
98%
4 2 Portugal
95%
6 3 Pays-Bas
89%
1 1 Yougoslavie / Serbie
67%
1 1 Ecosse
65%
1 1 Roumanie
63%
Aucun quiz correspondant
Distribution des résultats
% des personnes avec chaque résultat
Percentile par nombre de réponses
Votre historique - résultats
Vous n’avez pas pris ce quiz